书目信息 |
| 题名: |
国际笔会作品集
|
|
| 作者: | ;中国上海笔会中心 编译 | |
| 分册: | ||
| 出版信息: | 上海 上海译文出版社 1984 |
|
| 页数: | 641页 | |
| 开本: | 21cm | |
| 丛书名: | 译文丛刊专辑 | |
| 单 册: | ||
| 中图分类: | I11 | |
| 科图分类: | ||
| 主题词: | 文学--作品集--世界 | |
| 电子资源: | ||
| ISBN: | ||
| 000 | 00743nam2 2200265 45 | |
| 001 | 0184003422 | |
| 005 | 20040418145753.3 | |
| 010 | @dCNY3.00 | |
| 091 | @a10188.475 | |
| 100 | @a19950623d1984 em y0chiy0121 ea | |
| 101 | 1 | @achi@cmul |
| 102 | @aCN@b310000 | |
| 105 | @ay z 000zy | |
| 106 | @ar | |
| 200 | 10 | @a国际笔会作品集@Aguo ji bi hui zuo pin ji@f中国上海笔会中心编译 |
| 210 | @a上海@c上海译文出版社@d1984 | |
| 215 | @a641页@d21cm | |
| 225 | 2 | @a译文丛刊专辑 |
| 410 | 0 | @120010@a译文丛刊专辑 |
| 606 | 0 | @a文学@x作品集@x世界 |
| 690 | @aI11 | |
| 711 | 02 | @a中国上海笔会中心@Azhong guo shang hai bi hui zhong xin@4编译 |
| 801 | 0 | @aCN@b上海图书馆@c20040418 |
| 801 | 2 | @aCN@bNLC@c20040418 |
| 905 | @f4@b156215-218@dI11@e136 | |
| 国际笔会作品集/中国上海笔会中心编译.-上海:上海译文出版社,1984 |
| 641页;21cm.-(译文丛刊专辑) |
| ISBN :CNY3.00 |
| ● |
| 相关链接 |
|
|
|
|
正题名:国际笔会作品集
索取号:I11/136
 
预约/预借
| 序号 | 登录号 | 条形码 | 馆藏地/架位号 | 状态 | 备注 |
| 1 | 0156215 | 000087373 | 密集书库/ [索取号:I11/136] | 在馆 | |
| 2 | 0156216 | 000087382 | 密集书库/ [索取号:I11/136] | 在馆 | |
| 3 | 0156217 | 000087391 | 密集书库/ [索取号:I11/136] | 在馆 | |
| 4 | 0156218 | 000087408 | 第二借阅区/ [索取号:I11/136] | 在馆 | |
| 5 | 0156219 | 000087417 | 第一样本阅览室/ [索取号:I11/136] | 在馆 |